<?xml version="1.0" encoding="UTF-8"?><?xml-stylesheet type="text/xsl" href="static/style.xsl"?><OAI-PMH xmlns="http://www.openarchives.org/OAI/2.0/" xmlns:xsi="http://www.w3.org/2001/XMLSchema-instance" xsi:schemaLocation="http://www.openarchives.org/OAI/2.0/ http://www.openarchives.org/OAI/2.0/OAI-PMH.xsd"><responseDate>2026-04-29T04:09:03Z</responseDate><request verb="GetRecord" identifier="oai:repisalud.isciii.es:20.500.12105/15524" metadataPrefix="marc">https://repisalud.isciii.es/rest/oai/request</request><GetRecord><record><header><identifier>oai:repisalud.isciii.es:20.500.12105/15524</identifier><datestamp>2024-09-27T22:20:26Z</datestamp><setSpec>com_20.500.12105_2052</setSpec><setSpec>com_20.500.12105_2051</setSpec><setSpec>col_20.500.12105_19609</setSpec></header><metadata><record xmlns="http://www.loc.gov/MARC21/slim" xmlns:dcterms="http://purl.org/dc/terms/" xmlns:doc="http://www.lyncode.com/xoai" xmlns:xsi="http://www.w3.org/2001/XMLSchema-instance" xsi:schemaLocation="http://www.loc.gov/MARC21/slim http://www.loc.gov/standards/marcxml/schema/MARC21slim.xsd">
   <leader>00925njm 22002777a 4500</leader>
   <datafield ind2=" " ind1=" " tag="042">
      <subfield code="a">dc</subfield>
   </datafield>
   <datafield ind2=" " ind1=" " tag="720">
      <subfield code="a">Olalla, Julián</subfield>
      <subfield code="e">author</subfield>
   </datafield>
   <datafield ind2=" " ind1=" " tag="720">
      <subfield code="a">De Ory, Fernando de</subfield>
      <subfield code="e">author</subfield>
   </datafield>
   <datafield ind2=" " ind1=" " tag="720">
      <subfield code="a">Casas Flecha, Inmaculada</subfield>
      <subfield code="e">author</subfield>
   </datafield>
   <datafield ind2=" " ind1=" " tag="720">
      <subfield code="a">García-Alegría, Javier</subfield>
      <subfield code="e">author</subfield>
   </datafield>
   <datafield ind2=" " ind1=" " tag="720">
      <subfield code="a">Rivas-Ruiz, Francisco</subfield>
      <subfield code="e">author</subfield>
   </datafield>
   <datafield ind2=" " ind1=" " tag="720">
      <subfield code="a">Grupo de Trabajo para el Estudio MARBEGRIP</subfield>
      <subfield code="e">author</subfield>
   </datafield>
   <datafield ind2=" " ind1=" " tag="720">
      <subfield code="a">González-Esguevillas, Mónica</subfield>
      <subfield code="e">author</subfield>
   </datafield>
   <datafield ind2=" " ind1=" " tag="720">
      <subfield code="a">Pérez Grajera, Isabel</subfield>
      <subfield code="e">author</subfield>
   </datafield>
   <datafield ind2=" " ind1=" " tag="720">
      <subfield code="a">Fuente, Jesus de la</subfield>
      <subfield code="e">author</subfield>
   </datafield>
   <datafield ind2=" " ind1=" " tag="260">
      <subfield code="c">2013-04</subfield>
   </datafield>
   <datafield ind2=" " ind1=" " tag="520">
      <subfield code="a">[ES] Objetivos: Describir la prevalencia de síndrome gripal en el invierno de 2009 y los factores asociados a su ocurrencia. Método: Estudio transversal en 18 hospitales españoles. Los voluntarios respondieron un cuestionario de salud, informando sobre si habían sufrido síndrome gripal y su estado vacunal. Resultados: Participaron 1289 trabajadores sanitarios, y de ellos, 72 (5,6%) refirieron gripe en su familia, 195 (15,1%) se vacunaron frente al virus /California/7/2009/H1N1 y 75 (5,8%, intervalo de confianza del 95% [IC95%]: 4,5-7,1) sufrieron síndrome gripal. Hubo diferencias entre comunidades autónomas. En el análisis de regresión logística, se asoció a síndrome gripal trabajar en la Comunidad de Madrid (odds ratio [OR] = 8,31, IC95%: 1.05-65.39), tener casos de gripe en la familia (OR = 2,84, IC95%: 1,41-5,73) y no estar vacunado frente a la gripe A (OR = 2,68, IC95%: 1,05-6,82). Conclusiones: La presencia de casos en la familia y la comunidad donde se trabaja determinaron una diferente prevalencia de síndrome gripal. La vacuna se asoció a una menor prevalencia de la enfermedad. [EN] Objectives: To describe the prevalence of influenza-like syndrome in winter 2009 and the factors asso ciated with its occurrence. Methods: A cross-sectional study was carried out in 18 hospitals in Spain. Volunteers completed a health questionnaire in which they reported the occurrence of influenza-like syndrome and vaccination and demographic status. Results: A total of 1,289 healthcare workers participated. Of these, 72 (5.6%) reported influenza in their family, 195 (15.1%) had been vaccinated against the A/California/7/2009/H1N1 virus and 75 (5.8%, 95%CI: 4.5-7.1%) had been diagnosed with influenza like-syndrome. There were differences among regions. In logistic regression analysis, the following factors were associated with a higher prevalence of influenza like syndrome: working in Madrid (OR = 8.31, 95%CI: 1.05-65.39), the occurrence of cases of influenza in the family (OR = 2.84, 95%CI: 1.41-5.73) and not having been vaccinated against influenza A (H1N1) (OR = 2.68, 95% CI: 1.05-6.82). Conclusions: Differences in the prevalence of influenza-like syndrome were due to the occurrence of familiar cases and region. Vaccination againstinfluenza A (H1N1) was associated with a lower prevalence of the disease.</subfield>
   </datafield>
   <datafield ind1="8" ind2=" " tag="024">
      <subfield code="a">Gac Sanit. 2013 Mar-Apr;27(2):167-70.</subfield>
   </datafield>
   <datafield ind1="8" ind2=" " tag="024">
      <subfield code="a">http://hdl.handle.net/20.500.12105/15524</subfield>
   </datafield>
   <datafield ind1="8" ind2=" " tag="024">
      <subfield code="a">22464349</subfield>
   </datafield>
   <datafield ind1="8" ind2=" " tag="024">
      <subfield code="a">10.1016/j.gaceta.2012.01.016</subfield>
   </datafield>
   <datafield ind1="8" ind2=" " tag="024">
      <subfield code="a">1578-1283</subfield>
   </datafield>
   <datafield ind1="8" ind2=" " tag="024">
      <subfield code="a">Gaceta sanitaria</subfield>
   </datafield>
   <datafield tag="653" ind2=" " ind1=" ">
      <subfield code="a">Trabajadores sanitarios</subfield>
   </datafield>
   <datafield tag="653" ind2=" " ind1=" ">
      <subfield code="a">Gripe A (H1N1) 2009</subfield>
   </datafield>
   <datafield tag="653" ind2=" " ind1=" ">
      <subfield code="a">Vacuna</subfield>
   </datafield>
   <datafield tag="653" ind2=" " ind1=" ">
      <subfield code="a">Healthcare workers</subfield>
   </datafield>
   <datafield tag="653" ind2=" " ind1=" ">
      <subfield code="a">Influenza A (H1N1) 2009</subfield>
   </datafield>
   <datafield tag="653" ind2=" " ind1=" ">
      <subfield code="a">Vaccination</subfield>
   </datafield>
   <datafield ind2="0" ind1="0" tag="245">
      <subfield code="a">Casos autodeclarados de síndrome gripal en trabajadores sanitarios españoles durante la pandemia de gripe A (H1N1) 2009</subfield>
   </datafield>
</record></metadata></record></GetRecord></OAI-PMH>